000 00183 a2200097 4500
041 _aspa
100 _aJulian.E.Gonzalez Zuares
245 _aJuana de Arco
942 _cBK
952 _74
999 _c16637
_d16637